Powiaty województwa dolnośląskiego - quiz na mapie - Statystyki

Ogólne statystyki
  • Ten quiz został rozwiązany 2 168 razy
  • Średni wynik to 16 z 30
Odpowiedzi na mapie
Odpowiedzi zakodowano w zielono-czerwonej skali na mapie do tego quizu, zgodnie z poniższymi procentami.
 
Statystyki odpowiedzi
Odpowiedź % Poprawnych
Wrocław
83%
Wałbrzych
77%
Wałbrzyski
77%
Wrocławski
77%
Legnica
76%
Legnicki
76%
Jelenia Góra
74%
Kłodzki
73%
Zgorzelecki
66%
Karkonoski
64%
Bolesławiecki
53%
Głogowski
50%
Kamiennogórski
50%
Oławski
50%
Lubiński
49%
Milicki
48%
Oleśnicki
47%
Świdnicki
45%
Trzebnicki
44%
Ząbkowicki
43%
Dzierżoniowski
42%
Polkowicki
42%
Górowski
40%
Jaworski
39%
Lwówecki
39%
Strzeliński
39%
Lubański
38%
Złotoryjski
37%
Średzki
36%
Wołowski
36%
Nie znaleziono quizów pasujących do podanych kryteriów
Rozkład punktacji
Procent ludzi z każdym wynikiem
Percentyl według liczby udzielonych odpowiedzi
Twoja historia wyników
Nie rozwiązałeś tego quizu